000 00813nam a2200241Ia 4500
003 GCL
008 140319s9999 xx 000 0 ara d
040 _aGCL /
_cGCL
082 0 4 _a690.24
_bح م
100 1 _aحسين محمد جمعة
245 1 0 _aمقايسات ومواصفات واسعار الترميمات والدهانات والعزل /
_cحسين محمد جمعة
260 _aالقاهرة :
_bمكتب الدراسات والاستشارات الهندسية ،
_c1993
300 _a126 ص
650 0 4 _aالصيانة
650 0 4 _aالهندسة المدنية
650 0 4 _aالمبانى
650 0 4 _aمواد البناء
650 0 4 _aترميم
650 0 4 _aمواصفات
650 0 4 _aالطلاء
650 0 4 _aالمواصفات الخرسانية
942 _2ddc
_cBK
999 _c30405
_d30405